Symfony no. 3 in F major, op. 90 ; Tragic overture, op. 81

Hlavní autor: Brahms, Johannes, 1833-1897
Korporativní autor: Česká filharmonie
Další autoři: Bělohlávek, Jiří, 1946-2017
Jazyk: Neurčený, nezjistitelný
Vydáno: Praha : Supraphon, p1991
Témata:
Fyzický popis: 1 LP deska : 33 ot/min, stereo ; 30 cm
Zvukové nahrávky
Uloženo v:
LEADER 01360njm a2200361 a 4500
001 000413269
003 CZ BrMZK
005 20120902180119.0
008 950101s1991 xr f und d
028 0 3 |a 11 1272-1 031  |b Supraphon 
040 |a BOA001  |b cze 
080 |a 78.082.1"18"(086.7)  |2 MRF 
080 |a 785.11(086.7)  |2 MRF 
100 1 |a Brahms, Johannes,  |d 1833-1897  |7 jn19990001019  |4 cmp 
245 1 0 |a Symfony no. 3 in F major, op. 90 ;  |b Tragic overture, op. 81  |h [zvukový záznam] /  |c Johannes Brahms. 
246 3 3 |a Symfonie č. 3 F dur, op. 90 
246 3 3 |a Tragická předehra, op. 81 
260 |a Praha :  |b Supraphon,  |c p1991 
300 |a 1 LP deska :  |b 33 ot/min, stereo ;  |c 30 cm 
306 |a 004741 
500 |a Durata 47:41 
500 |a Text na obalu vícejaz. 
500 |a Nahr. 1989 
511 0 |a Česká filharmonie, dir. Jiří Bělohlávek. 
653 0 |a orchestrální ouvertury  |a romantická hudba  |a symfonický orchestr  |a symfonie 
700 1 |a Bělohlávek, Jiří,  |d 1946-2017  |7 jn19990201024  |4 cnd 
710 2 |a Česká filharmonie  |7 kn20010710169  |4 prf 
740 0 2 |a Tragic overture, op. 81 
910 |a BOA001  |b LP-0000.573 
964 |a Orchestr symfonický  |x ouvertury  |x LP 
964 |a Symfonie  |z stol.19.  |x LP 
990 |a AV 
996 6 |b 261H000584  |c LP-0000.573  |l MZK  |r Sklad / do 24 hodin  |n 0  |w 000413269  |u 000010  |a 1  |e BOA001  |j MZK50  |s P